Top 10 des chaînes de fast-food avec le plus de restaurants dans le mo - Statistiques

Statistiques générales
  • Ce quiz a été pris 81 fois
  • Le résultat moyen est 5 sur 10
Statistiques - réponses
Hint Réponse % Correct
~19 000 Burger King
97%
~30 000 KFC
91%
~40 000 Mcdonald's
90%
~37 000 Subway
60%
~36 000 Starbucks
45%
~19 000 Pizza Hut
44%
~19 000 Domino's pizza
36%
~13 000 Dunkin'
15%
~3 000 Chick-fil-A
4%
~85 000 7-Eleven
1%
Aucun quiz correspondant
Distribution des résultats
% des personnes avec chaque résultat
Percentile par nombre de réponses
Votre historique - résultats
Vous n’avez pas pris ce quiz